Software Testing Tools (Record no. 312277)

MARC details
000 -LEADER
fixed length control field 00523nam a2200169Ia 4500
008 - FIXED-LENGTH DATA ELEMENTS--GENERAL INFORMATION
fixed length control field 230718s9999 xx 000 0 und d
020 ## - INTERNATIONAL STANDARD BOOK NUMBER
International Standard Book Number 9788177225327
041 ## - LANGUAGE CODE
Language code of text/sound track or separate title eng
082 ## - DEWEY DECIMAL CLASSIFICATION NUMBER
Classification number 005.14
Item number PRA
100 ## - MAIN ENTRY--PERSONAL NAME
Personal name Prasad K.V.K.K.
9 (RLIN) 112293
245 ## - TITLE STATEMENT
Title Software Testing Tools
Remainder of title Coverting WinRunner, SilkTest, LoadRunner, JMeter, TestDirector And QTP With Case Studies
260 ## - PUBLICATION, DISTRIBUTION, ETC. (IMPRINT)
Date of publication, distribution, etc. 2005
Name of publisher, distributor, etc. Dreamtech
300 ## - PHYSICAL DESCRIPTION
Extent 412
365 ## - TRADE PRICE
Currency code Rs.
Price amount 299.00
700 ## - ADDED ENTRY--PERSONAL NAME
Personal name Prasad K.V.K.K.
9 (RLIN) 112293
906 ## - LOCAL DATA ELEMENT F, LDF (RLIN)
d 25516/23.01.2006
c COMP
b 59.8
Holdings
Withdrawn status Lost status Damaged status Not for loan Home library Current library Date acquired Vendor Budget Code Cost, normal purchase price Bill number Total Checkouts Full call number Barcode Date last seen Discount Cost, replacement price Bill Date Koha item type Original Barcode
        Cummins College of Engineering for Women Pune Cummins College of Engineering for Women Pune 31/01/2006 Pradeep Book Distributors COMP 239.20 25516/23.01.2006   005.14 CCEP-BK-23484 18/07/2023 59.8 299.00 23/01/2006 Books 023484